Аэрокосмические методы географических исследований: учебник

Podrobná bibliografie
Hlavní autor: Книжников Ю. Ф. Юрий Фирсович
Další autoři: Кравцова В. И. Валентина Ивановна, Тутубалина О. В. Ольга Валерьевна
Shrnutí:Второе издание учебника (1-е — 2004 г.) подготовлено в соответствии с программой курса по аэрокосмическим методам в рамках дисциплины "Методы географических исследований". Учебник переработан и дополнен с учетом кардинальных изменений в дистанционных методах исследований в первом десятилетии XXI в. В нем рассмотрены физические основы, технические средства и технологии получения аэрокосмических снимков, их информационные свойства и основные типы. Охарактеризованы методы получения географической информации по снимкам — их визуальное и компьютерное дешифрирование и фотограмметрическая обработка. Рассмотрены формирование и современное состояние мирового фонда снимков в световом, тепловом инфракрасном и радиодиапазоне, выполнена географическая оценка фонда снимков. Дан обзор аэрокосмических исследований Земли и планет. Для студентов учреждений высшего профессионального образования, обучающихся по специальностям "География" и "Картография".
Jazyk:ruština
Vydáno: М, Академия, 2011
Vydání:2-е изд., перераб. и доп.
Edice:Высшее профессиональное образование. Естественные науки
Témata:
Médium: MixedMaterials Kniha
KOHA link:https://koha.lib.tpu.ru/cgi-bin/koha/opac-detail.pl?biblionumber=199992

MARC

LEADER 00000nam0a2200000 4500
001 199992
005 20231101224926.0
010 |a 9785769568305 
035 |a (RuTPU)RU\TPU\book\218051 
035 |a RU\TPU\book\76590 
090 |a 199992 
100 |a 20041227d2011 m y0rusy50 ca 
101 0 |a rus 
102 |a RU 
105 |a a j 001zy 
200 1 |a Аэрокосмические методы географических исследований  |e учебник  |f Ю. Ф. Книжников, В. И. Кравцова, О. В. Тутубалина 
205 |a 2-е изд., перераб. и доп. 
210 |a М  |c Академия  |d 2011 
215 |a 412 с.  |c ил. 
225 1 |a Высшее профессиональное образование. Естественные науки 
320 |a Библиогр.: с. 399-400. 
320 |a Предметный указатель: с. 401-409. 
330 |a Второе издание учебника (1-е — 2004 г.) подготовлено в соответствии с программой курса по аэрокосмическим методам в рамках дисциплины "Методы географических исследований". Учебник переработан и дополнен с учетом кардинальных изменений в дистанционных методах исследований в первом десятилетии XXI в. В нем рассмотрены физические основы, технические средства и технологии получения аэрокосмических снимков, их информационные свойства и основные типы. Охарактеризованы методы получения географической информации по снимкам — их визуальное и компьютерное дешифрирование и фотограмметрическая обработка. Рассмотрены формирование и современное состояние мирового фонда снимков в световом, тепловом инфракрасном и радиодиапазоне, выполнена географическая оценка фонда снимков. Дан обзор аэрокосмических исследований Земли и планет. Для студентов учреждений высшего профессионального образования, обучающихся по специальностям "География" и "Картография". 
451 1 |0 (RuTPU)RU\TPU\book\76590  |y 5-7695-1529-5  |t Аэрокосмические методы географических исследований  |o учебное пособие для вузов  |f Ю. Ф. Книжников, В. И. Кравцова, О. В. Тутубалина  |c М  |n .Академия  |d 2004  |p 334 с.  |s Высшее профессиональное образование  |a Книжников, Юрий Фирсович 
606 1 |a Географические исследования с космических летательных аппаратов  |2 stltpush  |3 (RuTPU)RU\TPU\subj\5895  |9 33881 
610 1 |a география 
610 1 |a географические исследования 
610 1 |a географические карты 
610 1 |a аэрокосмическая съемка 
610 1 |a аэрокосмические методы 
610 1 |a аэрокосмические фотоматериалы 
610 1 |a аэрокосмические снимки 
610 1 |a обработка 
610 1 |a мировые фонды 
610 1 |a аэрокосмические исследования 
610 1 |a атмосфера 
610 1 |a гидросфера 
610 1 |a литосфера 
610 1 |a биосфера 
610 1 |a антропогенные воздействия 
610 1 |a учебники 
675 |a 910.25:629.78(075.8)  |v 3 
700 1 |a Книжников  |b Ю. Ф.  |g Юрий Фирсович 
701 1 |a Кравцова  |b В. И.  |g Валентина Ивановна 
701 1 |a Тутубалина  |b О. В.  |g Ольга Валерьевна 
801 1 |a RU  |b 63413507  |c 20110831 
801 2 |a RU  |b 63413507  |c 20111123  |g RCR 
900 |a Методы географических исследований 
942 |c BK 
952 |b 021000  |b 021300 
959 |a 71/20110830  |d 1  |e 817,30  |f ЧЗТЛ:1